Action in the case of nonconformity of concrete structures. (Record no. 100205)

MARC details
000 -LEADER
fixed length control field 00512cam a2200193 4500
008 - FIXED-LENGTH DATA ELEMENTS--GENERAL INFORMATION
fixed length control field 000000n1999 000 0 eng u
020 ## - INTERNATIONAL STANDARD BOOK NUMBER
International Standard Book Number 0860175197
035 ## - SYSTEM CONTROL NUMBER
System control number (Sirsi) u104053
050 ## - LIBRARY OF CONGRESS CALL NUMBER
Classification number 693.5
100 ## - MAIN ENTRY--PERSONAL NAME
Personal name Ainsworth, P R
245 ## - TITLE STATEMENT
Title Action in the case of nonconformity of concrete structures.
260 ## - PUBLICATION, DISTRIBUTION, ETC.
Place of publication, distribution, etc. London
Name of publisher, distributor, etc. CIRIA
Date of publication, distribution, etc. 1999
300 ## - PHYSICAL DESCRIPTION
Extent 154p. ; 30cm.
350 ## - PRICE (NR) (BK AM CF MU VM SE) [OBSOLETE]
Price 80.00
650 ## - SUBJECT ADDED ENTRY--TOPICAL TERM
Topical term or geographic name entry element CONCRETE
690 ## - LOCAL SUBJECT ADDED ENTRY--TOPICAL TERM (OCLC, RLIN)
Topical term or geographic name as entry element BUILT ENVIRONMENT-CONSTRUCTION DESIGN
700 ## - ADDED ENTRY--PERSONAL NAME
Personal name Hopkins, C J
942 ## - ADDED ENTRY ELEMENTS (KOHA)
Suppress in OPAC 0
Holdings
Withdrawn status Lost status Source of classification or shelving scheme Damaged status Not for loan Home library Current library Shelving location Date acquired Total Checkouts Full call number Barcode Date last seen Copy number Price effective from Koha item type
    Dewey Decimal Classification     London London Folio 07/02/2000   F693.5 AIN 30060683 06/08/2019 1 06/08/2019 Book